| 000 | 00911cam a2200241 4500 | ||
|---|---|---|---|
| 001 | WB3801-14 | ||
| 008 | 020109n2002 000 0 eng u | ||
| 035 | _a(Sirsi) u116201 | ||
| 245 | _aEffects of euro conversions | ||
| 260 | _c2002 | ||
| 490 |
_aEstates Gazette _v(0201) 5 January 2002, 23(1) |
||
| 520 | _aJones Lang LaSalle's "New Year Money" report suggests that statistical quirks and rounding conversion figures could lead to overvaluations in the European property market. Analysts warn that the practice of rounding currencies up or down to the nearest euro could raise commercial property rental prices by around 3% overnight. | ||
| 590 | _aWB | ||
| 650 | _aEURO | ||
| 650 | _aEUROPE | ||
| 650 | _aFINANCE | ||
| 650 | _aRENTAL PRICES | ||
| 650 | _aJONES LANG LASALLE | ||
| 650 | _aREPORT | ||
| 650 | _aCURRENCY CONVERSIONS | ||
| 690 | _aPROPERTY-COMMERCIAL PROPERTY | ||
| 942 | _n0 | ||
| 999 |
_c69225 _d69225 |
||